Open Data Biblioteca Nacional de Portugal


República Portuguesa: Ministério da Cultura
Biblioteca Nacional de Portugal

Catálogo da BNP: acesso por Identificadores Unívocos
Registos Bibliográficos associados ao registo de autoridade

Etiqueta de registo: 00254nam 2200025 450
001 2111253
003 http://id.bnportugal.gov.pt/bib/catbnp/2111253
010 ## $a978-989-53137-4-7
021 ## $aPT$b500074/22
100 ## $a20220928d2022 m y0pory01030103ba
101 0# $apor
102 ## $aPT
105 ## $aa z 000fy
106 ## $ar
200 1# $a A respiração do tempo$fAna Gilbert$gil. Maraia
210 #9 $a[S.l.]$cMinimalista,$d2022
215 ## $a173, [8] p.$cil.$d23 cm
675 ## $a821.134.3(81)-34"20"$vBN$zpor$31182702
700 #1 $aGilbert,$bAna$31859670
702 #0 $aMaraia$4440$31859671
801 #0 $aPT$bBN$gRPC
856 41 $uhttp://rnod.bnportugal.gov.pt/ImagesBN/winlibimg.aspx?skey=&doc=2111253&img=170053&save=true
966 ## $lBN$mFGMON$sL. 162717 V.$x1
966 ## $lBN$mFGMON$sL. 162717 V.-D$x1
971 ## $carosa$d20220928
973 ## $caalmeid$d20221010

Etiqueta de registo: 00254nam 2200025 450
001 2225743
003 http://id.bnportugal.gov.pt/bib/catbnp/2225743
021 ## $aPT$b547327/25
100 ## $a20250909d2025 m y0pory01030103ba
101 0# $apor$aeng
102 ## $aPT
105 ## $aa z 000gy
106 ## $ar
200 1# $aLatitudes$fCristina Vicente, Ana Gilbert
210 #9 $a[S.l.$cs.n.],$d2025$g(Multitema)
215 ## $a[45], [47], pág. converg.$cil.$d19 cm
305 ## $aEd. bilingue em português e inglês
675 ## $a77Vicente, Cristina$vBN$zpor$31838516
675 ## $a77Gilbert, Ana$vBN$zpor$31969077
675 ## $a821.134.3(81)-1"20"$vBN$zpor$31094434
675 ## $a821.134.3-1"20"$vBN$zpor$31023893
700 #1 $aVicente,$bCristina,$f1970-$31871340
701 #1 $aGilbert,$bAna$4070$31859670
801 #0 $aPT$bBN$gRPC
856 41 $uhttp://rnod.bnportugal.gov.pt/ImagesBN/winlibimg.aspx?skey=&doc=2225743&img=213576&save=true
900 ## $aBIBNAC$d20251023
966 ## $lBN$mFGMON$sB.A. 12505 P.$x1
971 ## $cabrito$d20250909
973 ## $cmlsousa$d20251014
975 ## $e0$d20251023$viquintas

Etiqueta de registo: 00254nam 2200025 450
001 2283838
003 http://id.bnportugal.gov.pt/bib/catbnp/2283838
010 ## $a978-989-36420-3-0
021 ## $aPT$b557673/25
100 ## $a20260407d2025 m y0pory01030103ba
101 0# $apor
102 ## $aPT
105 ## $aa z 000yy
106 ## $ar
200 1# $a O exterior do interior$fcoord. Tânia Silva$fautores Ana Gilbert... [et al.]
210 #9 $a[S.l.]$cEAPN - Rede Europeia Anti-Pobreza,$d2025
215 ## $a107 p.$cil.$d22 cm
675 ## $a343.81(469.325)$vBN$zpor$31998548
675 ## $a77.03$vBN$zpor$3290160
675 ## $a821.1/.8-82"20"$vBN$zpor$31609015
701 #1 $aGilbert,$bAna$4070$31859670
702 #1 $aSilva,$bTânia$4340$31994949
801 #0 $aPT$bBN$gRPC
966 ## $lBN$mFGMON$x1
971 ## $ccsilva$d20260407
973 ## $cigoulao$d20260515

OpendataBNP@bnportugal.pt | Mais informação sobre acesso aos dados BNP